The Global Course of the Information Revolution (Record no. 352667)
[ view plain ]
| 000 -LEADER | |
|---|---|
| fixed length control field | 00639nam a2200133Ia 4500 |
| 008 - FIXED-LENGTH DATA ELEMENTS--GENERAL INFORMATION | |
| fixed length control field | 171212s9999 xx 000 0 und d |
| 020 ## - INTERNATIONAL STANDARD BOOK NUMBER | |
| International Standard Book Number | 9780833034243 |
| 100 ## - MAIN ENTRY--PERSONAL NAME | |
| Personal name | Hundley, Richard;Anderson, Robert H.;Bikson, Tora K.;Neu, C. Richard |
| 245 ## - TITLE STATEMENT | |
| Statement of responsibility, etc | Hundley, Richard;Anderson, Robert H.;Bikson, Tora K.;Neu, C. Richard |
| Title | The Global Course of the Information Revolution |
| Remainder of title | Recurring Themes and Regional Variations |
| 260 ## - PUBLICATION, DISTRIBUTION, ETC. (IMPRINT) | |
| Name of publisher, distributor, etc | RAND Corporation |
| Date of publication, distribution, etc | 2003 |
| 650 ## - SUBJECT ADDED ENTRY--TOPICAL TERM | |
| Topical term or geographic name as entry element | Information superhighway; Information technology; Digital communications; Information society |
| 650 ## - SUBJECT ADDED ENTRY--TOPICAL TERM | |
| Topical term or geographic name as entry element | Political Science |
| 856 ## - ELECTRONIC LOCATION AND ACCESS | |
| Uniform Resource Identifier | <a href="www.jstor.org/stable/10.7249/mr1680nic">www.jstor.org/stable/10.7249/mr1680nic</a> |
| Withdrawn status | Lost status | Damaged status | Home library | Current library | Date acquired | Total Checkouts | Full call number | Date last seen | Price effective from | Koha item type |
|---|---|---|---|---|---|---|---|---|---|---|
| College Library | College Library | 12/12/2017 | ZA3225.G56 2003 | 12/12/2017 | 12/12/2017 | Curriculum - Based eBooks |